[Event "ROM-ch U14"]
[Site "Calimanesti"]
[Date "2018.03.27"]
[Round "1"]
[White "Costin, Alexandru"]
[Black "Nicolae, Andrei M"]
[Result "1-0"]
[WhiteElo "1944"]
[BlackElo "1424"]
[PlyCount "73"]
[EventDate "2018.03.27"]
[EventType "swiss"]
[EventRounds "9"]
[EventCountry "ROU"]
[SourceTitle "CBM 183 Extra"]
[Source "ChessBase"]
[SourceDate "2018.04.19"]
[SourceVersion "1"]
[SourceVersionDate "2018.04.19"]
[SourceQuality "1"]

1. d4 Nf6 2. c4 c5 3. d5 e5 4. Nc3 d6 5. e4 Be7 6. Bd3 Nbd7 7. Nge2 0-0 8. Ng3 Ne8 9. h4 g6 10. h5 Bg5 11. hxg6 fxg6 12. Qg4 Bxc1 13. Rxc1 Qf6 14. Qe2 Qf4 15. Rc2 Ndf6 16. Qd2 Qxd2+ 17. Rxd2 Nc7 18. Ke2 Bd7 19. a4 a6 20. Ra1 a5 21. f3 b6 22. Nb5 Nxb5 23. cxb5 Ra7 24. Nf1 Kg7 25. Ne3 Ne8 26. Nc4 Rb7 27. Rh1 g5 28. Rdd1 Rf6 29. Ne3 Rf7 30. Rh5 h6 31. Rdh1 Rf6 32. R5h3 Rg6 33. Nf1 Kh7 34. Ng3 Nf6 35. Nf5 Ng8 36. Rh5 Rf6 37. Rxg5 1-0